00704 2200253 4500001002100000005001500021035002000036007000300056008004100059020001800100082001000118084001600128100002700144245006500171250001200236300004100248650002200289650002200311264003000333336002100363337003000384338002300414990001300437INLIS00000000003960220220316043249 a0010-0322000136ta220316 0 ind a9789792966657 a005.1 a005.1 ADI p0 aAdi NugrohoePengarang1 aPemrograman Berorientasi Objek Menggunakan C# /cAdi Nugroho aedisi 1 ax, 326 halaman :bilustrasi ;c23 cm 4aPemrograman -- C# 4aProgramming -- C# aYogyakarta :bANDI,c2017 2rdacontentaTeks 2rdamediaaTanpa Perantara 2rdacarrieraVolume a21/00783